Odkaz SNP

Salvato in:
Dettagli Bibliografici
Natura: Libro
Lingua:slovacco
Pubblicazione: Martin OSVETA 1979
Serie:Edícia fotografických vlastivedných publikácií
Tags: Aggiungi Tag
Nessun Tag, puoi essere il primo ad aggiungerne!!

MARC

LEADER 00000nam a2200000 4500
001 c119545
005 20250901083400.2
041 0 |a slo 
044 |a SK 
245 1 0 |a Odkaz SNP  |c Štefan Pažur, Mária Chmelárová, Dušan Halaj 
264 1 |a Martin  |b OSVETA  |c 1979 
300 |a 271 s. 
490 1 |a Edícia fotografických vlastivedných publikácií 
830 0 |a Edícia fotografických vlastivedných publikácií